000 01176nam a2200301Ia 4500
003 OSt
005 20221005110607.0
006 a|||||r|||| 00| 0
007 ta
008 221004b |||||||| |||| 00| 0 hin d
020 _a9788126317738 (hbk)
_cINR 100.00
024 _a37599
037 _bBW/1693, 15/03/2018, Bookwell
_cTextual
040 _aCRL
_cCRL
_bhin
041 _2hin
_ahin
082 _aO155,3N25,PM, 152P9
100 _aकेलेकर, रवीन्द्र, ले.
245 0 _aपतझर में टूटी पत्तियॉं
246 _aPatazar mean ṭūṭī pattiyaॉan
250 _aसंस्करण 2
260 _aनई दिल्ली
_bभारतीय ज्ञानपीठ भारत
_c2009
300 _a104पृ0
_ccm.
490 _aराष्ट्रभारती; ग्रन्थांक 795
650 _a मराठी साहित्य
650 _aमराठी कहानी
942 _hO155,3N25,PM, 152P9
_cTEXL
_2cc
999 _c1019303
_d1019303